Арсений и Андрей из рода Тарковских (Запись № 940034)

Подробности
000 -МАРКЕР
контрольное поле 02473nam0a2200373 4500
001 - ИДЕНТИФИКАТОР ЗАПИСИ
контрольное поле RU\NLR\bibl\1362007
005 - ИДЕНТИФИКАТОР ВЕРСИИ
контрольное поле 20260407201542.0
010 ## - МЕЖДУНАРОДНЫЙ СТАНДАРТНЫЙ НОМЕР КНИГИ (ISBN)
Номер (ISBN) 978-5-9247-0064-9
Тираж 1500
021 ## - НОМЕР ГОСУДАРСТВЕННОЙ РЕГИСТРАЦИИ
Код страны Российская Федерация
Номер 2009-430и
Номер Листа государственной регистраци 21и
035 ## - ДРУГИЕ СИСТЕМНЫЕ НОМЕРА
Идентификатор записи (NLR Aleph) 001354176
100 ## - ДАННЫЕ ОБЩЕЙ ОБРАБОТКИ
Данные общей обработки 20090427d2008 |||y0rusy50 ca
101 0# - ЯЗЫК РЕСУРСА
Язык текста, звукозаписи и т.д. русский
102 ## - СТРАНА ПУБЛИКАЦИИ ИЛИ ПРОИЗВОДСТВА
Страна публикации Российская Федерация
105 ## - ПОЛЕ КОДИРОВАННЫХ ДАННЫХ: ТЕКСТОВЫЕ МАТЕРИАЛЫ, МОНОГРАФИЧЕСКИЕ
Кодированные данные о монографическом текстовом документе a |||||||||
200 1# - ЗАГЛАВИЕ И СВЕДЕНИЯ ОБ ОТВЕТСТВЕННОСТИ
Основное заглавие Арсений и Андрей из рода Тарковских
Сведения, относящиеся к заглавию [альбом]
-- 100-летие Арсения Александровича Тарковского, 75-летие Андрея Арсеньевича Тарковского
Первые сведения об ответственности [Юбил. фестиваль, посвященный Арсению и Андрею Тарковским
Последующие сведения об ответственности сост.: С.А. Узянов, В.Б. Моргачев
-- ст.: М.А. Тарковская и др.]
210 ## - ПУБЛИКАЦИЯ, РАСПРОСТРАНЕНИЕ И ДР.
Место издания, распространения и т.д. Москва
Имя издателя, распространителя и т. д. ГУ МДН
Дата издания, распространения и т.д. 2008
215 ## - ФИЗИЧЕСКАЯ ХАРАКТЕРИСТИКА
Специфическое обозначение материала и объем 227 с.
Другие сведения о физической характеристике ил., цв. ил., портр., факс.
Размеры 31
300 ## - ОБЩИЕ ПРИМЕЧАНИЯ
Текст примечания В надзаг.: Правительство Москвы, Ком. межрегион. связей и нац. политики г. Москвы, Гос. учреждение г. Москвы "Моск. дом национальностей"
320 ## - ПРИМЕЧАНИЯ О НАЛИЧИИ В ДОКУМЕНТЕ БИБЛИОГРАФИИ / УКАЗАТЕЛЯ
Текст примечания Прижизн. изд. Арсения Александровича Тарковского: с. 207
320 ## - ПРИМЕЧАНИЯ О НАЛИЧИИ В ДОКУМЕНТЕ БИБЛИОГРАФИИ / УКАЗАТЕЛЯ
Текст примечания Указ. творч. работ Андрея Арсеньевича Тарковского: с. 216-221
600 #1 - ИМЯ ЛИЦА КАК ПРЕДМЕТ
Начальный элемент ввода Тарковский
Часть имени, кроме начального элемента ввода А.А.
Даты 1907 - 1989
Расширение инициалов личного имени Арсений Александрович
Формальный подзаголовок Альбомы
Системный номер авторитетной/нормативной записи 1574153
Идентификатор авторитетной/нормативной записи RU\NLR\auth\66989563
600 #1 - ИМЯ ЛИЦА КАК ПРЕДМЕТ
Начальный элемент ввода Тарковский
Часть имени, кроме начального элемента ввода А. А.
Даты 1932 - 1986
Расширение инициалов личного имени Андрей Арсеньевич
Формальный подзаголовок Альбомы
Системный номер авторитетной/нормативной записи 1376517
Идентификатор авторитетной/нормативной записи RU\NLR\auth\66577244
686 ## - ИНДЕКСЫ ДРУГИХ КЛАССИФИКАЦИЙ
Индекс Ш5(2=Р)7-4Тарковский
686 ## - ИНДЕКСЫ ДРУГИХ КЛАССИФИКАЦИЙ
Индекс Щ374.3(2Р)7-85Тарковский
702 #1 - ИМЯ ЛИЦА - ВТОРИЧНАЯ ОТВЕТСТВЕННОСТЬ
Начальный элемент ввода Узянов
Часть имени, кроме начального элемента ввода С. А.
Код отношения Составитель
702 #1 - ИМЯ ЛИЦА - ВТОРИЧНАЯ ОТВЕТСТВЕННОСТЬ
Код отношения Прочие
Графика поля Кириллица
Материалы, к которым относится поле rus
Начальный элемент ввода Тарковский
Часть имени, кроме начального элемента ввода А. А.
Даты 1907-1989
Расширение инициалов личного имени Арсений Александрович
Системный номер авторитетной/нормативной записи 110549
Идентификатор авторитетной/нормативной записи RU\NLR\auth\77500
702 #1 - ИМЯ ЛИЦА - ВТОРИЧНАЯ ОТВЕТСТВЕННОСТЬ
Код отношения Прочие
Графика поля Кириллица
Материалы, к которым относится поле rus
Начальный элемент ввода Тарковский
Часть имени, кроме начального элемента ввода А. А.
Даты 1932-1986
Расширение инициалов личного имени Андрей Арсеньевич
Системный номер авторитетной/нормативной записи 119037
Идентификатор авторитетной/нормативной записи RU\NLR\auth\779190
711 12 - НАИМЕНОВАНИЕ ОРГАНИЗАЦИИ - АЛЬТЕРНАТИВНАЯ ОТВЕТСТВЕННОСТЬ
Начальный элемент ввода Юбилейный фестиваль Арсения и Андрея Тарковских
Место проведения временной организации Москва
Дата проведения временной организации 2008
Системный номер авторитетной/нормативной записи 761465
Идентификатор авторитетной/нормативной записи RU\NLR\AUTH\8810132511
801 #0 - ИСТОЧНИК ЗАПИСИ
Страна Российская Федерация
Организация NLR
Дата составления 20090427
Правила каталогизации RCR
801 #1 - ИСТОЧНИК ЗАПИСИ
Страна Российская Федерация
Организация NLR
Дата составления 20090427
942 ## - ДОПОЛНИТЕЛЬНЫЕ ЭЛЕМЕНТЫ ЗАПИСИ (АБИС)
Тип экземпляра АБИС Книга
980 ## - КОЛЛЕКЦИЯ
Название коллекции Национальная библиография
Экземпляры
Тип экземпляра Дата поступления Источник поступления Библиотека постоянного хранения Библиотека текущего хранения Место хранения Шифр хранения Штрих-код Статус экземпляра
Книга 27.04.2009 Обязательный экземпляр РНБ (Садовая) РНБ (Садовая) Фонд эстампов и фотографий (изоизданий) Э АлП/2-Т199 2908562  
Книга 27.04.2009 Обязательный экземпляр РНБ (Садовая) РНБ (Садовая) Фонд эстампов и фотографий (изоизданий) Э АлП/2-Т199 2908563